000 00323nam a2200121Ia 4500
008 210430s9999 xx 000 0 und d
082 _a327.51073 J415R
100 _aJaved,Syed Hasan
245 _aRise Of China And The Asian Century
_cJaved,Syed Hasan
260 _aislamabad
_c2011
300 _a181p.
942 _cBK
_2ddc
999 _c565875
_d565875